Le Kazakhstan pour les touristes... - Facile - Statistiques

Statistiques générales
  • Ce quiz a été pris 19 fois
  • Le résultat moyen est 12 sur 20
Statistiques - réponses
Question Indice Réponses Indice facile % Correct
Quelles sont les langues officielles ? Russe R
93%
Quelles sont les principaux lieux touristiques ? A Ville d'{Astana} SATANA
93%
La religion majoritaire est Islam I
87%
Quelles sont les langues officielles ? Kazakh
80%
Code sur les plaques minéralogiques KZ
80%
Le suffixe internet est kz
80%
Achats à faire 1/ Douceur cacaotée Chocolat COCOLATH
73%
Quel est le climat local ? C Continental
73%
Quel est le régime du pays ? R République
73%
Combien d'heures (environ) mettrez-vous pour vous y rendre ? (en chiffres) 10
67%
Dans la capitale quel est le décalage horaire avec Paris ? (+ ou - et chiffre) ex - 10 ou + 3,5 + 4
67%
Le principal aéroport est A Almaty
60%
Quelles sont les principaux lieux touristiques ? A Site d'{Almaty} LAYATM
60%
Quelles sont les principaux lieux touristiques ? B Site de {Baïkonour} BOUINAKOR
60%
Comment se nomme la principale compagnie aérienne locale A A Air Astana TRAINASAA
47%
Quelle est la monnaie ? Tenge T
27%
Achats à faire 3/ Instrument de musique Guimbarde AMBIGUERD
13%
Achats à faire 2/ Symbole de pouvoir Kamcha HAMACK
13%
Quelles sont les principaux lieux touristiques ? A Ville d'{Aktaou} AOUTAK
7%
Quelles sont les principaux lieux touristiques ? K Lac {Kaindy} DAKINY
0%
Aucun quiz correspondant
Distribution des résultats
% des personnes avec chaque résultat
Percentile par nombre de réponses
Votre historique - résultats
Vous n’avez pas pris ce quiz